000
00277 a2200097 4500
082
_a
624.18341 SYA
100
_a
Syal,I.C.
245
_a
Reinforced Concrete structures /
_c
I.C.Syal, A.K.Goel
260
_a
New Delhi :
_c
S.Chand & comp,
_b
2007
300
_a
743p. :
_b
ill . ;
_c
23cm
650
_a
reinforced concrete
999
_c
1391
_d
1391